000 01262nam a2200205 u 4500
001 000417556
003 AM-YeHGA
005 20250617133019.0
008 050330s1974 ||||||||||||||||||||rus d
040 _aAM-YeHGA
041 0 _arus
100 1 _aПоляков, Владимир Васильевич.
245 1 0 _aДеятельность КПСС по претворению в жизнь марксистско-ленинского учения о воспитании молодежи на революционных традициях :
_b(в условиях развитого социализма) : Материалы для спецкурса /
_cВ.В. Поляков ; Науч. ред. Ф.В. Герасин и др. ; М-во просвещения РСФСР. Ульяновский гос. пед. ин-т им. И.Н. Ульянова.
260 _aУльяновск :
_bУльяновского пед. ин-та,
_c1974.
300 _a352 с.
650 1 4 _aИстория Коммунистической партии
700 1 _aГерасин, Ф.В.
_eред.
_4edt
710 2 _aУльяновский государственный педагогический институт им. И.Н. Ульянова
090 _c160799
999 _c159395
_d159395